000 01001nam a2200121Ia 4500
008 220615s9999||||xx |||||||||||||| ||und||
245 0 _aSustainability and Visitor Management in Tourist Historic Cities
546 _aEnglish[eng]
650 _atourism development||residents’ opinions||residents’ perceptions||tourism impacts||historic city||cultural tourism||Toledo||“big events”||experiential tourism||Matera “European Capital of Culture 2019”||vulnerability||right to the city||tourism rents||Seville||tourist movement||GPS||NFC||tourist card||questionarie||tourism destination||big data||tourism sustainability||official statistics||indicators||urban tourism||culture-led regeneration||cultural capital||sustainability||Porto city centre||overtourism||Venice||social impacts||residents’ perception
700 _aLois González, Rubén Camilo||Guilarte, Yamilé||Lopez, Lucrezia
856 _uhttps://mdpi.com/books/pdfview/book/2730
942 _cEB
999 _c14590
_d14590